Průmyslová politika Evropské unie

Zmysel a možnosti priemyselnej politiky - téma diskusií vo vyspelých krajinách v súvislosti s novými koncepciami ekonomickej politiky USA. Vypozorovanie podstatných trendov smerujúcich k prekonaniu všeobecnej svetovej recesie ale i k vzniku nových záujmových zoskupení vyspelých krajín. Konkurenčné p...

Description complète

Enregistré dans:
Détails bibliographiques
Auteur principal: Hutschenreiter, G.
Format: Chapitre de livre
Langue:tchèque
Sujets:
Tags: Ajouter un tag
Pas de tags, Soyez le premier à ajouter un tag!

MARC

LEADER 00000naa a2200000 4500
001 r015423
005 20221213082723.1
041 0 |a cze 
044 |a CZ 
245 1 0 |a Průmyslová politika Evropské unie  |c G. Hutschenreiter 
520 |a Zmysel a možnosti priemyselnej politiky - téma diskusií vo vyspelých krajinách v súvislosti s novými koncepciami ekonomickej politiky USA. Vypozorovanie podstatných trendov smerujúcich k prekonaniu všeobecnej svetovej recesie ale i k vzniku nových záujmových zoskupení vyspelých krajín. Konkurenčné postavenie EÚ na počiatku 90. rokov. Priemyselná politika v Maastrichtskej zmluve. Technická politika ako jadro priemyselnej politiky. Nové iniciatívy vo sfére priemyselnej politiky. Výhľad do budúcnosti 
610 2 0 |a politika priemyselná 
610 2 0 |a Európska únia 
610 2 0 |a politika technická 
610 2 0 |a Maastricht 
610 2 0 |a zmluvy o spolupráci 
610 2 0 |a koncepcie 
610 2 0 |a priemysel 
610 2 0 |a Európa 
610 2 0 |a konkurencia 
610 2 0 |a 1980-1990 
100 1 |a Hutschenreiter, G.